[Event "Turkish Cup 2022"]
[Site "Sakarya"]
[Date "2022.03.28"]
[Round "5.41"]
[White "Akgun, Yusuf"]
[Black "Cil, Batuhan"]
[Result "1-0"]
[WhiteElo "1561"]
[BlackElo "1737"]
[Annotator "NA RC"]
[PlyCount "115"]
[EventDate "2022.03.25"]
[EventType "swiss"]
[EventCountry "TUR"]
[SourceTitle "playchess.com"]
[Source "ChessBase"]
[SourceQuality "1"]
[TimeControl "5400+30"]

1. e4 {[%emt 0:01:00]} c5 {[%emt 0:01:00]} 2. c3 {[%emt 0:00:00]} e6 {[%emt 0:00:30]} 3. d4 {[%emt 0:00:00]} d5 {[%emt 0:00:00]} 4. exd5 {[%emt 0:01:30]} exd5 {[%emt 0:00:00]} 5. Nf3 {[%emt 0:01:30]} Nf6 {[%emt 0:00:30]} 6. Bg5 {[%emt 0:00:30]} Be6 {[%emt 0:01:30]} 7. Nbd2 {[%emt 0:05:30]} Nc6 {[%emt 0:09:30]} 8. Bd3 {[%emt 0:08:30]} c4 {[%emt 0:20:30]} 9. Bc2 {[%emt 0:06:30]} Be7 {[%emt 0:03:30]} 10. O-O {[%emt 0:02:30]} O-O {[%emt 0:03:30]} 11. Ne5 {[%emt 0:05:30]} Nxe5 {[%emt 0:06:30]} 12. dxe5 {[%emt 0:02:30]} Nd7 {[%emt 0:00:00]} 13. Bxe7 {[%emt 0:06:30]} Qxe7 {[%emt 0:00:00]} 14. f4 {[%emt 0:00:30]} f5 {[%emt 0:05:30]} 15. Nf3 {[%emt 0:15:30]} Nc5 {[%emt 0:07:30]} 16. Nd4 {[%emt 0:03:30]} a6 {[%emt 0:02:30]} 17. g4 {[%emt 0:07:30]} g6 {[%emt 0:07:30]} 18. gxf5 {[%emt 0:10:30]} gxf5 {[%emt 0:00:30]} 19. Kh1 {[%emt 0:00:30]} Kh8 {[%emt 0:03:30]} 20. Rg1 {[%emt 0:04:35]} Rae8 {[%emt 0:12:15]} 21. Qh5 {[%emt 0:05:31]} Qf7 {[%emt 0:03:03]} 22. Qxf7 {[%emt 0:05:39]} Rxf7 {[%emt 0:00:02]} 23. Rad1 {[%emt 0:01:46]} Rg8 {[%emt 0:02:06]} 24. Rxg8+ {[%emt 0:01:08]} Kxg8 {[%emt 0:00:02]} 25. Kg2 {[%emt 0:00:16]} Kf8 {[%emt 0:04:41]} 26. Kf3 {[%emt 0:01:10]} Ke7 {[%emt 0:00:09]} 27. b3 {[%emt 0:02:51]} b5 {[%emt 0:00:24]} 28. bxc4 {[%emt 0:00:22]} Ne4 {[%emt 0:04:57]} 29. Nc6+ {[%emt 0:01:07]} Kd7 {[%emt 0:02:56]} 30. cxd5 {[%emt 0:00:20]} Bxd5 {[%emt 0:00:09]} 31. Rxd5+ {[%emt 0:00:15]} Kxc6 {[%emt 0:00:45]} 32. Bxe4 {[%emt 0:00:41]} fxe4+ {[%emt 0:00:30]} 33. Kxe4 {[%emt 0:00:00]} Rg7 {[%emt 0:00:20]} 34. Rd6+ {[%emt 0:00:00]} Kc7 {[%emt 0:00:39]} 35. Rxa6 {[%emt 0:01:02]} Rg2 {[%emt 0:00:13]} 36. Ra7+ {[%emt 0:00:17]} Kc6 {[%emt 0:00:30]} 37. Rxh7 {[%emt 0:00:00]} Rxa2 {[%emt 0:00:00]} 38. Kf5 {[%emt 0:00:45]} Ra3 {[%emt 0:00:28]} 39. Rh3 {[%emt 0:00:47]} b4 {[%emt 0:00:02]} 40. Rg3 {[%emt 0:00:43]} Rxc3 {[%emt 0:00:29]} 41. Ke4 {[%emt 0:01:02]} Rc4+ {[%emt 0:00:41]} 42. Kf5 {[%emt 0:00:34]} Rc3 {[%emt 0:00:28]} 43. Rg8 {[%emt 0:00:38]} Kc7 {[%emt 0:00:53]} 44. Rg1 {[%emt 0:00:28]} b3 {[%emt 0:00:32]} 45. Rb1 {[%emt 0:00:39]} Kd7 {[%emt 0:00:30]} 46. Kf6 {[%emt 0:00:30]} Ke8 {[%emt 0:00:30]} 47. f5 {[%emt 0:00:30]} Rc6+ {[%emt 0:01:15]} 48. e6 {[%emt 0:00:00]} Rb6 {[%emt 0:00:19]} 49. h4 {[%emt 0:00:17]} b2 {[%emt 0:00:43]} 50. h5 {[%emt 0:00:14]} Kf8 {[%emt 0:00:00]} 51. h6 {[%emt 0:00:45]} Rb7 {[%emt 0:00:24]} 52. Kg6 {[%emt 0:00:31]} Rb3 {[%emt 0:00:40]} 53. h7 {[%emt 0:00:47]} Rg3+ {[%emt 0:00:58]} 54. Kf6 {[%emt 0:00:15]} Rh3 {[%emt 0:00:23]} 55. e7+ {[%emt 0:01:23]} Ke8 {[%emt 0:00:17]} 56. Rxb2 {[%emt 0:00:02]} Rh6+ {[%emt 0:01:11]} 57. Kg7 {[%emt 0:00:16]} Rh3 {[%emt 0:00:04]} 58. h8=Q+ {[%emt 0:00:13]} 1-0

[Event "Turkish Cup 2022"]
[Site "Sakarya"]
[Date "2022.03.28"]
[Round "5.42"]
[White "Acar, Kaan"]
[Black "Topuz, Mirac Melih"]
[Result "0-1"]
[WhiteElo "1741"]
[BlackElo "1515"]
[Annotator "TA"]
[PlyCount "114"]
[EventDate "2022.03.25"]
[EventType "swiss"]
[EventCountry "TUR"]
[SourceTitle "playchess.com"]
[Source "ChessBase"]
[SourceQuality "1"]

{[%evp 14,114,0,-55,1,26,31,32,39,9,2,0,0,-23,-8,-35,-9,-30,-17,-50,-19,-60,-40,-62,-41,-43,0,-31,0,-52,-56,-62,-40,-101,-68,-67,-53,-63,12,15,0,21,208,200,216,220,205,191,1104,-460,-447,-452,-429,-436,-413,-380,-401,-539,-540,-537,-538,-691,-664,-886,-583,-682,-553,-581,-573,-571,-489,-669,-422,-944,-943,-909,-802,-933,-943,-4682,-4275,-4682,-5085,-1666,-1429,-29981,-29980,-29984,-29985,-29985,-29949,-29986,-29986,-29989,-29986,-29986,-29987,-29990,-29991,-29994,-29995,-29995,-29996]} 1. e4 e5 2. Nf3 Nf6 3. Nc3 Nc6 4. d4 exd4 5. Nxd4 Bb4 6. Nxc6 bxc6 7. Bd3 d5 8. e5 (8. exd5 $11 cxd5 9. Qe2+ Be6 10. Bb5+ Kf8 11. O-O) 8... Nd7 {C47: Scotch Four Knights and Four Knights with 4 g3.} ({Black should try} 8... Ng4 $15 9. O-O O-O) 9. O-O $11 Nc5 10. Ne2 {[#]} Nxd3 $146 {White is slightly better.} ({Predecessor:} 10... Bg4 11. f3 Nxd3 12. Qxd3 Bc5+ 13. Be3 Bf5 14. Qc3 Bxe3+ 15. Qxe3 Qe7 16. Qc3 O-O {1-0 (37) Garcia Ortiz,D-Vincifori,G Buenos Aires 2003}) 11. Qxd3 O-O 12. Qg3 Re8 13. c3 Bf8 14. Re1 c5 15. Be3 c6 16. Rad1 Bf5 17. Bc1 Qc7 18. Bf4 Qb6 19. Rd2 Rad8 20. Bg5 (20. e6 $5 Rc8 21. exf7+ Kxf7 22. Be5 $11 (22. Qg5 g6 $15)) 20... Rd7 21. h4 (21. Qf4 $11 Be6 22. Qg3) 21... Qb8 22. Nc1 Re6 23. Nd3 (23. Bf4 $15) 23... d4 24. c4 Bxd3 25. Rxd3 Qxb2 (25... Qb4 $1 $15 26. f4 f5) 26. f4 $1 {[%cal Bf2f4,Bf4f5,Bf5e6,Be6e7][%mdl 32]} Re8 $36 {[%mdl 2048] Black is pushing.} ({Much less strong is} 26... Qxa2 27. f5 Re8 28. e6 $16) 27. f5 Qxa2 (27... Rb7 $11 {and Black has nothing to worry.}) 28. e6 $18 fxe6 29. fxe6 Rb7 {[#]} 30. e7 $1 {Hoping for Rf3.} Bxe7 $2 {[#]} (30... Qc2) 31. Bxe7 $4 {[%mdl 8192]} (31. Bh6 $1 $18 {[%csl Gh6][%cal Rg3g7]} g6 32. Qe5 Qf2+ 33. Kxf2 Bxh4+ 34. g3 Rxe5 35. Rxe5) 31... Rbxe7 $19 ({Inferior is} 31... Rexe7 32. Rxe7 Rxe7 33. Qb8+ Kf7 34. Rf3+ Ke6 35. Qc8+ Kd6 36. Qb8+ Ke6 37. Qc8+ Kd6 38. Qb8+ Ke6 $11) 32. Rxe7 {[%csl Ge7][%cal Rg3g7]} Qb1+ ({Worse is} 32... Rxe7 33. Qb8+ Kf7 34. Rf3+ Ke6 35. Qc8+ Kd6 36. Qb8+ Kd7 37. Qb7+ Kd6 38. Qb8+ Ke6 39. Qc8+ Kd6 40. Qb8+ $11) 33. Kh2 {[%csl Ge7][%cal Rg3g7]} Rxe7 {[%mdl 4096] Endgame KQR-KQR} 34. Rb3 Qe4 {Threatens to win with ...h6.} 35. Qf2 Qe5+ 36. g3 g6 37. Kh3 Rf7 38. Qg2 Qf5+ 39. g4 Qf1 40. Rb8+ Kg7 {aiming for ...Rf3+.} 41. Qxf1 Rxf1 {KR-KR} 42. Rb7+ Kf6 {White must now prevent ...d3.} 43. g5+ (43. Kg2 $142 Rc1 44. Rxh7) 43... Ke6 44. Kg2 Rc1 {And now ...d3 would win.} 45. Kf3 Rxc4 46. Rxh7 d3 47. Ke3 Rd4 48. Kd2 c4 {[%cal Bc5c4,Bc4c3][%mdl 32] ( -> ...Rd5)} 49. Rc7 Rd6 {Black mates.} 50. Rxa7 c3+ 51. Kd1 Ke5 52. Ra5+ Kd4 53. h5 gxh5 54. Rf5 h4 55. Rf3 Re6 56. Rh3 c2+ 57. Kd2 Re2+ {Weighted Error Value: White=0.52/Black=0.38} 0-1

[Event "Turkish Cup 2022"]
[Site "Sakarya"]
[Date "2022.03.28"]
[Round "5.43"]
[White "Kurtyilmaz, Kuzey"]
[Black "Lale, Omer Faruk"]
[Result "1/2-1/2"]
[WhiteElo "1394"]
[BlackElo "1771"]
[Annotator "TA"]
[PlyCount "124"]
[EventDate "2022.03.25"]
[EventType "swiss"]
[EventCountry "TUR"]
[SourceTitle "playchess.com"]
[Source "ChessBase"]
[SourceQuality "1"]

{[%evp 21,124,62,70,88,91,79,87,70,70,0,94,2,82,92,95,88,127,101,126,57,76,66,90,49,89,9,89,52,59,66,52,49,41,33,60,33,144,150,133,119,189,179,246,230,254,243,275,252,266,241,312,182,210,203,183,205,204,196,186,183,178,172,174,166,170,145,168,84,86,95,103,21,23,0,0,0,0,0,8,8,8,8,8,8,8,8,203,203,203,196,993,0,0,0,0,0,0,0,0,0,0,0,0,0,0]} 1. e4 c5 2. Nf3 d6 3. d4 cxd4 4. Nxd4 Nf6 5. Nc3 g6 6. Be3 Bg7 7. f3 Nc6 8. Bc4 Bd7 9. Qd2 h5 10. O-O-O Ne5 11. Bb3 Rc8 12. Kb1 {B75: Sicilian Dragon: Yugoslav Attack, Miscellaneous.} Nc4 13. Bxc4 Rxc4 14. Rhe1 {White is better.} O-O {[#]} 15. Nce2 $146 (15. Qd3 $14 Rc8 16. Qd2) ({Predecessor:} 15. Nd5 Nxd5 16. exd5 Re8 17. Nb3 Bf5 18. Rc1 a5 19. Bd4 a4 20. Bxg7 axb3 21. Qh6 bxc2+ 22. Ka1 f6 23. Bh8 {1-0 (23) Wagner,D (2578)-Martin Carmona,G (2326) Chess.com INT 2021}) 15... Qc7 (15... b5 $11) 16. c3 (16. b3 $16 Rc5 17. c4) 16... d5 (16... a5 $11 {keeps the balance.}) 17. e5 $16 Nh7 (17... Qxe5 $2 18. Bf4 Ne4 19. fxe4 Qxe4+ 20. Ka1 $18) 18. f4 a5 19. h3 {[%cal Bh2h3,Bh3g4,Bg4g5][%mdl 32]} b5 20. g4 (20. b3 $16 Rc5 21. Nf3 (21. Nc2 Rc6 $16)) 20... hxg4 $14 21. hxg4 b4 22. g5 Rb8 {[#] aiming for ...bxc3.} 23. Rc1 ({Better is} 23. Ka1 $1 $16) 23... Nf8 (23... Nxg5 $1 $11 24. fxg5 Qxe5) 24. cxb4 axb4 25. b3 Rxc1+ 26. Rxc1 Qb7 27. Ng3 Qa6 28. Rc5 Rc8 (28... Qb7 $14) 29. Rxc8 $16 {&Bianco is more active.} ({Much less strong is} 29. Rxd5 Qb7 30. Nc2 f6 $16) 29... Bxc8 30. Nc2 {[%cal Bd4c2,Bc2b4,Bb4d5,Bd5c3][%mdl 32]} Be6 (30... Qb7 $16) 31. Nxb4 Qc8 (31... Qb7 $142 32. Qd4 Nd7) 32. Nxd5 $18 Qb7 33. Nc3 f6 34. exf6 exf6 35. Bd4 Qd7 36. Qe3 ({Less strong is} 36. gxf6 Bxf6 37. Nce2 Kf7 $16) (36. Kc1 $142) 36... fxg5 37. Bxg7 gxf4 38. Qxf4 Qxg7 39. Nce4 {Hoping for Nf6+.} Nd7 {Against Nf6+} 40. Qg5 Kh7 41. Qh4+ Kg8 42. Qd8+ Qf8 43. Qxf8+ Kxf8 {[%mdl 4096] Endgame KBN-KNN} 44. Ng5 ({White should try} 44. Kb2 $18) 44... Bd5 45. N3e4 Ke7 46. b4 (46. Kc2 $16) 46... Nf6 $11 47. Nxf6 Kxf6 {KB-KN} 48. Nh3 Kf5 49. a4 Kg4 50. Ng1 Bb3 51. a5 {Threatens to win with Kb2.} Bc4 52. Kc1 {Black must now prevent Kd2.} Kg3 53. Kd2 g5 $2 {[#]} (53... Kf2 $11 {and Black stays safe.}) 54. Ke3 $1 $18 g4 {Against Nf3} 55. Ne2+ Kh2 $2 (55... Kh3 56. Nf4+ Kh4) 56. Kf2 $2 ({White has to play} 56. Nf4 $18 {Kd4 is the strong threat.} Kg3 57. Nh5+ Kh3 58. Kf2) 56... Bxe2 $11 {[%mdl 64] Remove Defender. The position is equal.} 57. Kxe2 {KPP-KP} g3 {( -> ...g2)} 58. a6 {Threatening mate with a7.} g2 59. a7 g1=Q 60. a8=Q {White threatens Qh8+ and mate.} Qg4+ 61. Kf2 {Qh8+ would kill now.} Qg1+ 62. Ke2 {White wants to mate with Qh8+.} Qg4+ {Weighted Error Value: White=0.30/Black=0.34} 1/2-1/2

[Event "Turkish Cup 2022"]
[Site "Sakarya"]
[Date "2022.03.28"]
[Round "5.44"]
[White "Sezis, Doruk"]
[Black "Parlarkilic, Engin"]
[Result "1-0"]
[WhiteElo "1566"]
[BlackElo "1587"]
[Annotator "NA RC"]
[PlyCount "123"]
[EventDate "2022.03.25"]
[EventType "swiss"]
[EventCountry "TUR"]
[SourceTitle "playchess.com"]
[Source "ChessBase"]
[SourceQuality "1"]
[TimeControl "5400+30"]

1. c4 {[%emt 0:01:00]} c5 {[%emt 0:01:00]} 2. Nc3 {[%emt 0:00:00]} Nc6 {[%emt 0:00:30]} 3. g3 {[%emt 0:00:00]} g6 {[%emt 0:00:30]} 4. Bg2 {[%emt 0:00:30]} Bg7 {[%emt 0:00:30]} 5. Nf3 {[%emt 0:00:30]} Nf6 {[%emt 0:00:00]} 6. d4 {[%emt 0:00:30]} cxd4 {[%emt 0:01:00]} 7. Nxd4 {[%emt 0:00:30]} O-O {[%emt 0:00:30]} 8. Nc2 {[%emt 0:00:30]} d6 {[%emt 0:11:30]} 9. O-O {[%emt 0:00:30]} Rb8 {[%emt 0:05:30]} 10. e4 {[%emt 0:00:30]} a6 {[%emt 0:02:30]} 11. h3 {[%emt 0:17:30]} Qa5 {[%emt 0:04:30]} 12. Bd2 {[%emt 0:01:30]} Qh5 {[%emt 0:00:30]} 13. Qxh5 {[%emt 0:02:30]} Nxh5 {[%emt 0:00:30]} 14. g4 {[%emt 0:00:00]} Nf6 {[%emt 0:00:30]} 15. f4 {[%emt 0:00:00]} Nd7 {[%emt 0:03:30]} 16. Be3 {[%emt 0:07:30]} Na5 {[%emt 0:03:30]} 17. Na3 {[%emt 0:05:30]} Nc6 {[%emt 0:03:30]} 18. Rac1 {[%emt 0:03:30]} Bd4 {[%emt 0:00:30]} 19. Bxd4 {[%emt 0:00:30]} Nxd4 {[%emt 0:00:30]} 20. Rfd1 {[%emt 0:00:30]} Nc6 {[%emt 0:02:30]} 21. Nd5 {[%emt 0:02:30]} Kg7 {[%emt 0:02:30]} 22. Nc2 {[%emt 0:06:30]} Nf6 {[%emt 0:05:30]} 23. Nce3 {[%emt 0:03:30]} Nxd5 {[%emt 0:03:30]} 24. cxd5 {[%emt 0:00:30]} Na7 {[%emt 0:00:30]} 25. e5 {[%emt 0:01:30]} dxe5 {[%emt 0:01:30]} 26. fxe5 {[%emt 0:00:00]} Rd8 {[%emt 0:03:30]} 27. Nc4 {[%emt 0:08:00]} b5 {[%emt 0:04:30]} 28. Na5 {[%emt 0:00:00]} Rd7 {[%emt 0:04:30]} 29. d6 {[%emt 0:03:00]} exd6 {[%emt 0:02:30]} 30. exd6 {[%emt 0:00:30]} Rb6 {[%emt 0:00:30]} 31. Nc6 {[%emt 0:01:30]} Nxc6 {[%emt 0:01:30]} 32. Bxc6 {[%emt 0:00:00]} Rd8 {[%emt 0:01:30]} 33. d7 {[%emt 0:27:56]} Bb7 {[%emt 0:00:30]} 34. Bg2 {[%emt 0:00:20]} Bxg2 {[%emt 0:00:30]} 35. Rc8 {[%emt 0:00:12]} Rxd7 {[%emt 0:03:30]} 36. Rxd7 {[%emt 0:00:08]} Bxh3 {[%emt 0:00:00]} 37. Rcc7 {[%emt 0:00:08]} Rf6 {[%emt 0:00:00]} 38. Rd4 {[%emt 0:00:07]} h5 {[%emt 0:00:30]} 39. gxh5 {[%emt 0:02:23]} gxh5 {[%emt 0:01:30]} 40. Kh2 {[%emt 0:00:24]} Bg4 {[%emt 0:00:30]} 41. Kg3 {[%emt 0:00:08]} Rf3+ {[%emt 0:00:30]} 42. Kg2 {[%emt 0:00:01]} Re3 {[%emt 0:01:30]} 43. Rf4 {[%emt 0:00:22]} Be6 {[%emt 0:00:30]} 44. a3 {[%emt 0:01:42]} Re2+ {[%emt 0:00:30]} 45. Rf2 {[%emt 0:01:10]} Re5 {[%emt 0:00:30]} 46. Ra7 {[%emt 0:00:00]} h4 {[%emt 0:00:30]} 47. Rxa6 {[%emt 0:00:08]} Rg5+ {[%emt 0:01:30]} 48. Kh2 {[%emt 0:00:15]} h3 {[%emt 0:01:30]} 49. a4 {[%emt 0:00:22]} bxa4 {[%emt 0:00:30]} 50. Rxa4 {[%emt 0:00:05]} Rb5 {[%emt 0:01:30]} 51. b4 {[%emt 0:02:05]} Bb3 {[%emt 0:00:30]} 52. Ra3 {[%emt 0:00:03]} Be6 {[%emt 0:00:30]} 53. Rb2 {[%emt 0:01:22]} Kf6 {[%emt 0:00:30]} 54. Kg3 {[%emt 0:00:15]} Ke7 {[%emt 0:01:30]} 55. Ra5 {[%emt 0:00:38]} Rb8 {[%emt 0:00:30]} 56. Rc5 {[%emt 0:00:00]} Rg8+ {[%emt 0:00:30]} 57. Kh2 {[%emt 0:00:00]} Rc8 {[%emt 0:07:43]} 58. Rxc8 {[%emt 0:00:59]} Bxc8 {[%emt 0:00:06]} 59. b5 {[%emt 0:00:00]} Kd6 {[%emt 0:02:00]} 60. Rc2 {[%emt 0:00:11]} Be6 {[%emt 0:03:04]} 61. b6 {[%emt 0:00:05]} Bd5 {[%emt 0:01:38]} 62. Rd2 {[%emt 0:00:03]} 1-0

[Event "Turkish Cup 2022"]
[Site "Sakarya"]
[Date "2022.03.28"]
[Round "5.45"]
[White "Tocoglu, Onur"]
[Black "Altin, Halis"]
[Result "1-0"]
[WhiteElo "1798"]
[BlackElo "1536"]
[Annotator "NA RC"]
[PlyCount "96"]
[EventDate "2022.03.25"]
[EventType "swiss"]
[EventCountry "TUR"]
[SourceTitle "playchess.com"]
[Source "ChessBase"]
[SourceQuality "1"]
[TimeControl "5400+30"]

1. Nf3 {[%emt 0:01:00]} Nf6 {[%emt 0:01:00]} 2. c4 {[%emt 0:00:30]} e6 {[%emt 0:00:30]} 3. g3 {[%emt 0:00:00]} d5 {[%emt 0:00:30]} 4. cxd5 {[%emt 0:00:00]} exd5 {[%emt 0:00:30]} 5. Bg2 {[%emt 0:00:30]} g6 {[%emt 0:01:30]} 6. O-O {[%emt 0:00:30]} Bg7 {[%emt 0:00:30]} 7. d4 {[%emt 0:03:30]} O-O {[%emt 0:02:30]} 8. Bf4 {[%emt 0:06:30]} Nbd7 {[%emt 0:03:30]} 9. Qc1 {[%emt 0:01:30]} c6 {[%emt 0:00:30]} 10. Bh6 {[%emt 0:00:00]} Re8 {[%emt 0:03:30]} 11. Bxg7 {[%emt 0:02:00]} Kxg7 {[%emt 0:00:30]} 12. Re1 {[%emt 0:00:30]} Ne4 {[%emt 0:02:30]} 13. Nfd2 {[%emt 0:05:30]} f5 {[%emt 0:03:30]} 14. f3 {[%emt 0:03:30]} Nd6 {[%emt 0:01:30]} 15. Nc3 {[%emt 0:12:30]} Qf6 {[%emt 0:04:30]} 16. e3 {[%emt 0:02:30]} Nf8 {[%emt 0:02:30]} 17. b4 {[%emt 0:01:30]} Bd7 {[%emt 0:02:30]} 18. a4 {[%emt 0:01:30]} a6 {[%emt 0:02:30]} 19. Nb3 {[%emt 0:01:30]} Be6 {[%emt 0:13:30]} 20. a5 {[%emt 0:04:30]} Bf7 {[%emt 0:03:30]} 21. Na4 {[%emt 0:02:30]} Nd7 {[%emt 0:01:30]} 22. Nbc5 {[%emt 0:00:30]} Nxc5 {[%emt 0:00:30]} 23. Nxc5 {[%emt 0:08:30]} Re7 {[%emt 0:01:30]} 24. Qc3 {[%emt 0:07:30]} Rae8 {[%emt 0:00:30]} 25. Bf1 {[%emt 0:02:30]} f4 {[%emt 0:13:30]} 26. exf4 {[%emt 0:05:30]} Rxe1 {[%emt 0:00:30]} 27. Rxe1 {[%emt 0:00:30]} Rxe1 {[%emt 0:00:30]} 28. Qxe1 {[%emt 0:00:00]} Qxd4+ {[%emt 0:00:30]} 29. Kg2 {[%emt 0:00:00]} Qb2+ {[%emt 0:03:30]} 30. Kh3 {[%emt 0:01:30]} Qf6 {[%emt 0:00:30]} 31. Qe5 {[%emt 0:01:30]} d4 {[%emt 0:10:30]} 32. Kg2 {[%emt 0:08:46]} Bd5 {[%emt 0:03:41]} 33. Kf2 {[%emt 0:06:50]} Bc4 {[%emt 0:03:49]} 34. Qxf6+ {[%emt 0:04:22]} Kxf6 {[%emt 0:00:08]} 35. Bxc4 {[%emt 0:01:06]} Nxc4 {[%emt 0:00:12]} 36. Nxb7 {[%emt 0:00:13]} Ke6 {[%emt 0:01:43]} 37. Nc5+ {[%emt 0:00:23]} Kd5 {[%emt 0:01:23]} 38. Nxa6 {[%emt 0:00:24]} d3 {[%emt 0:01:08]} 39. Nc5 {[%emt 0:03:10]} Kd4 {[%emt 0:00:23]} 40. Ne4 {[%emt 0:02:48]} Na3 {[%emt 0:02:44]} 41. a6 {[%emt 0:01:09]} Nb5 {[%emt 0:00:30]} 42. g4 {[%emt 0:00:26]} Na7 {[%emt 0:02:10]} 43. h4 {[%emt 0:00:45]} Kc4 {[%emt 0:01:18]} 44. f5 {[%emt 0:00:22]} gxf5 {[%emt 0:00:36]} 45. gxf5 {[%emt 0:00:01]} Kd5 {[%emt 0:00:33]} 46. f6 {[%emt 0:00:11]} Ke6 {[%emt 0:00:50]} 47. Ke3 {[%emt 0:00:07]} h5 {[%emt 0:00:53]} 48. Kxd3 {[%emt 0:00:06]} Kd5 {[%emt 0:01:00]} 1-0

[Event "Turkish Cup 2022"]
[Site "Sakarya"]
[Date "2022.03.28"]
[Round "5.47"]
[White "Kilic, Nurullah"]
[Black "Buyuk, Eymen Eren"]
[Result "1/2-1/2"]
[WhiteElo "1171"]
[BlackElo "1526"]
[Annotator "NA RC"]
[PlyCount "71"]
[EventDate "2022.03.25"]
[EventType "swiss"]
[EventCountry "TUR"]
[SourceTitle "playchess.com"]
[Source "ChessBase"]
[SourceQuality "1"]
[TimeControl "5400+30"]

1. e4 {[%emt 0:01:00]} e6 {[%emt 0:01:00]} 2. d4 {[%emt 0:01:30]} d5 {[%emt 0:00:00]} 3. e5 {[%emt 0:00:30]} c5 {[%emt 0:00:00]} 4. c3 {[%emt 0:00:30]} f5 {[%emt 0:00:30]} 5. exf6 {[%emt 0:03:30]} Nxf6 {[%emt 0:01:30]} 6. Nf3 {[%emt 0:01:30]} Nc6 {[%emt 0:00:00]} 7. Na3 {[%emt 0:04:30]} cxd4 {[%emt 0:12:00]} 8. cxd4 {[%emt 0:02:30]} Qa5+ {[%emt 0:00:30]} 9. Bd2 {[%emt 0:01:30]} Qb6 {[%emt 0:00:00]} 10. Nc2 {[%emt 0:06:30]} Bd6 {[%emt 0:05:00]} 11. a3 {[%emt 0:04:30]} O-O {[%emt 0:01:30]} 12. Bd3 {[%emt 0:03:30]} e5 {[%emt 0:16:30]} 13. dxe5 {[%emt 0:04:30]} Nxe5 {[%emt 0:01:30]} 14. Nxe5 {[%emt 0:06:30]} Bxe5 {[%emt 0:00:30]} 15. O-O {[%emt 0:01:30]} Bxh2+ {[%emt 0:16:30]} 16. Kxh2 {[%emt 0:03:30]} Ng4+ {[%emt 0:00:30]} 17. Kg1 {[%emt 0:03:30]} Rxf2 {[%emt 0:00:30]} 18. Ne3 {[%emt 0:05:30]} Nxe3 {[%emt 0:00:30]} 19. Bxh7+ {[%emt 0:04:30]} Kh8 {[%emt 0:05:30]} 20. Bxe3 {[%emt 0:05:30]} Rxf1+ {[%emt 0:01:30]} 21. Kxf1 {[%emt 0:01:30]} Qxe3 {[%emt 0:00:30]} 22. Bc2 {[%emt 0:00:30]} Bg4 {[%emt 0:01:30]} 23. Qxg4 {[%emt 0:00:30]} Rf8+ {[%emt 0:00:30]} 24. Bf5 {[%emt 0:00:30]} Qd3+ {[%emt 0:00:00]} 25. Kg1 {[%emt 0:00:00]} Qxf5 {[%emt 0:00:00]} 26. Qh4+ {[%emt 0:00:00]} Kg8 {[%emt 0:00:30]} 27. Re1 {[%emt 0:00:30]} Rf6 {[%emt 0:14:30]} 28. Qg3 {[%emt 0:02:30]} Qh5 {[%emt 0:02:16]} 29. Qe5 {[%emt 0:04:30]} Rf5 {[%emt 0:04:20]} 30. Qb8+ {[%emt 0:02:30]} Kh7 {[%emt 0:00:17]} 31. Qxa7 {[%emt 0:00:30]} Qh4 {[%emt 0:03:41]} 32. Qe3 {[%emt 0:02:30]} Rh5 {[%emt 0:00:30]} 33. Qd3+ {[%emt 0:00:30]} g6 {[%emt 0:01:05]} 34. Re3 {[%emt 0:01:30]} Qh1+ {[%emt 0:04:41]} 35. Kf2 {[%emt 0:00:30]} Qh4+ {[%emt 0:01:13]} 36. Kg1 {[%emt 0:03:59]} 1/2-1/2

[Event "Turkish Cup 2022"]
[Site "Sakarya"]
[Date "2022.03.28"]
[Round "6.1"]
[White "Kirilmaz, Emre"]
[Black "Samani, Yamac"]
[Result "1/2-1/2"]
[WhiteElo "2229"]
[BlackElo "2257"]
[Annotator "NA"]
[PlyCount "34"]
[EventDate "2022.03.25"]
[EventType "swiss"]
[EventCountry "TUR"]
[SourceTitle "playchess.com"]
[Source "ChessBase"]
[SourceQuality "1"]
[TimeControl "5400+30"]

1. d4 {[%emt 0:12:00]} Nf6 {[%emt 0:01:00]} 2. c3 {[%emt 0:00:00]} g6 {[%emt 0:00:30]} 3. Bg5 {[%emt 0:06:00]} Bg7 {[%emt 0:01:30]} 4. Nd2 {[%emt 0:02:30]} O-O {[%emt 0:00:30]} 5. Ngf3 {[%emt 0:01:30]} d6 {[%emt 0:00:30]} 6. e4 {[%emt 0:00:30]} c5 {[%emt 0:00:30]} 7. dxc5 {[%emt 0:01:30]} dxc5 {[%emt 0:00:30]} 8. Bc4 {[%emt 0:00:30]} Nc6 {[%emt 0:00:30]} 9. Qe2 {[%emt 0:00:30]} Na5 {[%emt 0:05:30]} 10. Bd3 {[%emt 0:01:30]} Qc7 {[%emt 0:04:30]} 11. O-O {[%emt 0:11:30]} h6 {[%emt 0:11:30]} 12. Bh4 {[%emt 0:06:30]} Nh5 {[%emt 0:00:30]} 13. Qe3 {[%emt 0:01:30]} Nf4 {[%emt 0:05:30]} 14. Bxe7 {[%emt 0:18:30]} Nh3+ {[%emt 0:01:30]} 15. gxh3 {[%emt 0:04:30]} Qxe7 {[%emt 0:00:30]} 16. e5 {[%emt 0:11:24]} Nc6 {[%emt 0:00:30]} 17. Rfe1 {[%emt 0:00:30]} Kh8 {[%emt 0:00:30]} 1/2-1/2